Seismic zonation of islamabad city based on geotechnical testing (Record no. 553560)
[ view plain ]
| 000 -LEADER | |
|---|---|
| fixed length control field | 00381nam a22001457a 4500 |
| 082 ## - DEWEY DECIMAL CLASSIFICATION NUMBER | |
| Classification number | P-625 |
| 100 ## - MAIN ENTRY--PERSONAL NAME | |
| Personal name | Fasial Bilal |
| 9 (RLIN) | 50822 |
| 245 ## - TITLE STATEMENT | |
| Title | Seismic zonation of islamabad city based on geotechnical testing |
| 260 ## - PUBLICATION, DISTRIBUTION, ETC. | |
| Place of publication, distribution, etc. | Risalpur, |
| Name of publisher, distributor, etc. | MCE, |
| Date of publication, distribution, etc. | 2015. |
| 300 ## - PHYSICAL DESCRIPTION | |
| Extent | 131p. |
| 526 ## - STUDY PROGRAM INFORMATION NOTE | |
| Program name | 0 |
| Interest level | 0 |
| Reading level | 0 |
| Title point value | P_625 |
| 526 ## - STUDY PROGRAM INFORMATION NOTE | |
| Program name | 0 |
| Interest level | 0 |
| Reading level | 0 |
| Title point value | P_625 |
| 700 ## - ADDED ENTRY--PERSONAL NAME | |
| Personal name | Mamoon Ahmad |
| 9 (RLIN) | 50823 |
| 942 ## - ADDED ENTRY ELEMENTS (KOHA) | |
| Source of classification or shelving scheme | |
| Koha item type | Book |
| Withdrawn status | Lost status | Source of classification or shelving scheme | Damaged status | Not for loan | Permanent Location | Current Location | Date acquired | Total Checkouts | Full call number | Barcode | Date last seen | Price effective from | Koha item type |
|---|---|---|---|---|---|---|---|---|---|---|---|---|---|
| Military College of Engineering (MCE) | Military College of Engineering (MCE) | 07/09/2015 | P-625 | MCE-P-625 | 07/09/2015 | 07/09/2015 | Book | ||||||
| Military College of Engineering (MCE) | Military College of Engineering (MCE) | 07/09/2015 | P-625 | MCE-P-626 | 07/09/2015 | 07/09/2015 | Book |
